Los Cambios en la CAN y los matices de la agenda integracionista latinoamericana

שמור ב:
מידע ביבליוגרפי
פורמט: Texto
נושאים:
תגים: הוספת תג
אין תגיות, היה/י הראשונ/ה לתייג את הרשומה!

MARC

LEADER 00000 a a2200000 04500
001 13113
003
040
245 |a Los Cambios en la CAN y los matices de la agenda integracionista latinoamericana  
650 |a GRUPO ANDINO  
650 |a VENEZUELA  
650 |a CONFLICTOS  
650 |a CAMBIO ECONOMICO  
773 |g volumen 7, número 4; páginas 3-4  
999 |c 19878  |d 19878